A new and enlarged book of sailing directions for Capt. B. Romans, &c. &c. gulf and windward pilot : Containing full instructions for sailing through the Gulf of Florida; or, the old and new channels of Bahama: together with directions for the windward passage, &c. &c. with the additions of Captain W.G. Debraham, bishop, Hester, Archibald Dalzel, Esq. George Gauld, Esq. Lieutwoodriffe, and other experienced navigators.

Bibliographic Details
Main Author: Romans, Bernard, 1741?-approximately 1784
Corporate Author: Gale (Firm)
Format: eBook
Language:English
Published: London : Printed for Robert Laurie and James Whittle, No. 53, Fleet Street. Successors to the late Mr. Robert Sayer, 1796.
Subjects:
Online Access:Connect to the full text of this electronic book

MARC

Tag First Indicator Second Indicator Subfields
LEADER 00000cam a2200000 4500
001 in00003834113
005 20190415190437.0
006 m o d
007 cr |n||||||||n
008 910716s1796 enk|||| o 00||||eng c
035 |a (CU-RivES)T206354 
035 |a (Uk-ES)006300863 
035 |a (OCoLC)509791797 
040 |a Uk-ES  |c Uk-ES  |d CU-RivES  |d CStRLIN  |d CU-RivES  |d Cengage Gale  |d UtOrBLW 
100 1 |a Romans, Bernard,  |d 1741?-approximately 1784.  |0 http://id.loc.gov/authorities/names/n50075865 
245 1 2 |a A new and enlarged book of sailing directions for Capt. B. Romans, &c. &c. gulf and windward pilot :  |b Containing full instructions for sailing through the Gulf of Florida; or, the old and new channels of Bahama: together with directions for the windward passage, &c. &c. with the additions of Captain W.G. Debraham, bishop, Hester, Archibald Dalzel, Esq. George Gauld, Esq. Lieutwoodriffe, and other experienced navigators. 
264 1 |a London :  |b Printed for Robert Laurie and James Whittle, No. 53, Fleet Street. Successors to the late Mr. Robert Sayer,  |c 1796. 
300 |a 1 online resource (74 pages)  
336 |a text  |b txt  |2 rdacontent 
337 |a computer  |b c  |2 rdamedia 
338 |a online resource  |b cr  |2 rdacarrier 
500 |a At foot of titlepage: "N.B. These directions are sold only with the Pilot". 
500 |a Price on title page: Price One Pound Five Shillings. 
509 |a Other edits. have apostrophe after "Romans" 
510 4 |a English Short Title Catalog,  |c T206354. 
500 |a Reproduction of original from National Library of Wales. 
500 |a Electronic resource. 
650 0 |a Pilot guides  |z Florida, Straits of. 
655 7 |a Electronic books.  |2 local 
710 2 |a Gale (Firm)  |0 http://id.loc.gov/authorities/names/no2008071348 
752 |a Great Britain  |b England  |d London. 
856 4 0 |u http://proxy.library.tamu.edu/login?url=http://find.galegroup.com/ecco/infomark.do?contentSet=ECCOArticles&docType=ECCOArticles&bookId=1696000600&type=getFullCitation&tabID=T001&prodId=ECCO&docLevel=TEXT_GRAPHICS&version=1.0&source=library&userGroupName=txshracd2898  |z Connect to the full text of this electronic book  |t 0 
999 f f |s f581bc31-c70b-3598-8b13-ec2adcadf614  |i fb0af307-0559-369b-ac36-45ccf7a1a09b  |t 0 
952 f f |a Texas A&M University  |b College Station  |c Electronic Resources  |d Available Online  |t 0  |h No information provided 
998 f f |t 0  |l Available Online